000 00513nam a2200181Ia 4500
003 GCL
008 140319s9999 xx 000 0 ara d
040 _aGCL /
_cGCL
082 0 4 _a301.34
_bع ت
100 1 _aعبدالمنعم شوقى
245 1 0 _aتنمية المجتمع وتنظيمة /
_cعبدالمنعم شوقى
300 _a215 ص
490 _a
650 0 4 _aالمجتمع المصرى
650 0 4 _aالاجتماع، علم
650 0 4 _aالتكيف الاجتماعى
942 _2ddc
_cBK
999 _c45431
_d45431